Statistics for WWII Tanks - Germany

Click here to take the quiz!

General Stats

  • This quiz has been taken 909 times
  • The average score is 13 of 23

Answer Stats

TypeCountry of OriginProduced during WWIIName% Correct
Heavy TankGermany1.400Tiger I
99%
Heavy TankGermany500Tiger II
94%
Medium TankGermany6.100Panther
92%
Light TankGermany1.900 (pre-war)Panzer I
89%
Light TankGermany630Panzer II
89%
Medium TankGermany5.600Panzer III
89%
Medium TankGermany8.300Panzer IV
88%
Assault Gun / TDGermany9.400Sturmgeschütz III
65%
Tank DestroyerGermany400Jagdpanther
57%
Tank DestroyerGermany80Jagdtiger
56%
Assault Gun / TDGermany1.100Sturmgeschütz IV
55%
Light TankGermany1.400Panzer 38 (t)
54%
Tank DestroyerGermany3.000Jagdpanzer 38 (t) "Hetzer"
52%
Tank DestroyerGermany90Ferdinand "Elefant"
50%
Light TankGermany400Panzer 35 (t)
45%
Tank DestroyerGermany500Hornisse "Nashorn"
42%
Tank DestroyerGermany2.000Jagdpanzer IV
42%
Tank DestroyerGermany720Marder II
42%
Tank DestroyerGermany1.500Marder III
42%
SP GunGermany700Hummel
34%
SP GunGermany700Wespe
29%
SP GunGermany600Grille
24%
Tank DestroyerGermany200Panzerjäger I
20%

Score Distribution

Percentile by Number Answered

Percent of People with Each Score

Your Score History

You have not taken this quiz